00418nam a2200181Ia 4500008004100000020001800041050001600059100002400075245001600099245002700115260001500142260001600157260000900173300001600182300002000198300001000218500000800228170918s9999 xx 000 0 und d a9780545843492 bT944ci 2014 aTurner, Amber McRee aCirca now / cby Amber McRee Turner. aNew York : bScholastic, c2014 a276 pages : billustrations ; c19cm. a850